Tre opere su Don Giovanni per Praga : Caldara 1730 - Righini 1776 - Mozart 1787 /

Další autoři: Jonášová, Milada, 1973-, Volek, Tomislav, 1931-
Jazyk: Němčina
Italština
Angličtina
Vydáno: Praga : Academia :Istituto di Etnologia dell'Accademia delle Scienze della Repubblica Ceca, 2019
Vydání: Prima edizione
Edice: Opera italiana nei territori Boemi durante il settecento
Témata:
Fyzický popis: 287 stran : ilustrace (některé barevné), portréty, noty, faksimile ; 24 cm
Language note: Částečně anglický a německý text
Knihy
Uloženo v:
LEADER 02722nam a2200661 i 4500
001 nkc20193082028
003 CZ PrNK
005 20191119123921.0
007 ta
008 190312s2019 xr acghf 000 0 ita
015 |a cnb003082028 
020 |a 978-80-200-3003-0  |q (Academia ;  |q vázáno) 
020 |a 978-80-88081-30-2  |q (Etnologický ústav AV ČR ;  |q vázáno) 
035 |a (OCoLC)1130264597 
040 |a OLA001  |b cze  |e rda 
041 1 |a ita  |a eng  |a ger  |h cze  |h ger 
043 |a e-it---  |a e-xr---  |b e-xr-pg  |2 czenas 
045 |a v-v- 
072 7 |a 782  |x Divadelní hudba. Opera, opereta, muzikál  |2 Konspekt  |9 9 
080 |a 782-052  |2 MRF 
080 |a 782  |2 MRF 
080 |a 782(091)  |2 MRF 
080 |a (450)  |2 MRF 
080 |a (437.311)  |2 MRF 
080 |a (062.534)  |2 MRF 
245 0 0 |a Tre opere su Don Giovanni per Praga :  |b Caldara 1730 - Righini 1776 - Mozart 1787 /  |c a cura di Milada Jonášová e Tomislav Volek 
250 |a Prima edizione 
264 1 |a Praga :  |b Academia :  |b Istituto di Etnologia dell'Accademia delle Scienze della Repubblica Ceca,  |c 2019 
300 |a 287 stran :  |b ilustrace (některé barevné), portréty, noty, faksimile ;  |c 24 cm 
336 |a text  |b txt  |2 rdacontent 
336 |a statický obraz  |b sti  |2 rdacontent 
337 |a bez média  |b n  |2 rdamedia 
338 |a svazek  |b nc  |2 rdacarrier 
490 1 |a L'opera italiana nei territori Boemi durante il settecento ;  |v IV 
500 |a Částečně přeloženo z češtiny a z němčiny? 
504 |a Obsahuje bibliografie a bibliografické odkazy 
546 |a Částečně anglický a německý text 
600 0 7 |a Don Juan  |c (fiktivní postava)  |7 jo2016908742  |2 czenas 
648 7 |a 18. století  |7 ch460556  |2 czenas 
650 0 7 |a operní postavy  |7 ph629402  |2 czenas 
650 0 7 |a opery  |7 ph123760  |z Itálie  |y 18. století  |2 czenas 
650 0 7 |a dějiny opery  |7 ph527138  |z Česko  |y 18. století  |2 czenas 
650 0 9 |a opera characters  |2 eczenas 
650 0 9 |a operas  |z Italy  |y 18th century  |2 eczenas 
650 0 9 |a history of opera  |z Czechia  |y 18th century  |2 eczenas 
651 7 |a Praha (Česko)  |7 ge118011  |2 czenas 
651 9 |a Prague (Czechia)  |2 eczenas 
655 7 |a sborníky konferencí  |7 fd133333  |2 czenas 
655 9 |a proceedings of conferences  |2 eczenas 
700 1 |a Jonášová, Milada,  |d 1973-  |7 jo2013759057  |4 edt 
700 1 |a Volek, Tomislav,  |d 1931-  |7 jk01150482  |4 edt 
830 0 |a Opera italiana nei territori Boemi durante il settecento  |0 s 
910 2 |a BOA001  |b 2-1434.645 
928 9 |a Etnologický ústav Akademie věd České republiky 
990 |a BK 
995 |a 01 
991 |b 201911  |c NOV 
996 6 |b 2610801571  |c 2-1434.645  |l MZK  |r Sklad / do 1 hodiny  |n 0  |p p.v.  |w 001763218  |u 000010  |a 1  |e BOA001  |j MZK50  |s P